Discursos / (Record n. 11008)

Dettagli MARC
000 -LEADER
fixed length control field 00758nam a2200217 i 4500
003 - CONTROL NUMBER IDENTIFIER
control field IT-RoINE
005 - DATE AND TIME OF LATEST TRANSACTION
control field 20220608132549.0
008 - FIXED-LENGTH DATA ELEMENTS--GENERAL INFORMATION
fixed length control field 930725s1956 sp 0 spa d
040 ## - CATALOGING SOURCE
Original cataloging agency SpMaBN
Transcribing agency A2 IT-RoINE
Modifying agency IT-RoINE
100 1# - MAIN ENTRY--PERSONAL NAME
Personal name Menéndez y Pelayo, Marcelino,
Dates associated with a name 1856-1912
9 (RLIN) 4649
245 10 - TITLE STATEMENT
Title Discursos /
Statement of responsibility, etc Menéndez Pelayo ; prólogo, edición y notas de José María de Cossio.
260 ## - PUBLICATION, DISTRIBUTION, ETC. (IMPRINT)
Place of publication, distribution, etc Madrid :
Name of publisher, distributor, etc Espasa-Calpe,
Date of publication, distribution, etc 1956.
300 ## - PHYSICAL DESCRIPTION
Extent XXXVII, 181 p., 1 h.
Dimensions 19 cm
336 ## - CONTENT TYPE
Source rdacontent
Content type term text
337 ## - MEDIA TYPE
Source rdamedia
Media type term unmediated
338 ## - CARRIER TYPE
Source rdacarrier
Carrier type term volume
490 1# - SERIES STATEMENT
Series statement Clásicos castellanos ;
Volume number/sequential designation 140
700 1# - ADDED ENTRY--PERSONAL NAME
Personal name Cossío, José María de,
Dates associated with a name 1893-1977
9 (RLIN) 16641
830 #0 - SERIES ADDED ENTRY--UNIFORM TITLE
9 (RLIN) 22520
Uniform title Clásicos castellanos (Espasa-Calpe) ;
Volume number/sequential designation 140
942 ## - ADDED ENTRY ELEMENTS (KOHA)
Item type Monografías
Dati di copia
Withdrawn status Lost status Damaged status Not for loan Home library Current library Date acquired Total Checkouts Full call number Barcode Date last seen Price effective from Koha item type
        Iglesia Nacional Española en Roma Iglesia Nacional Española en Roma 19/02/2016   COL.A 31.140 19881 19/02/2016 19/02/2016 Monografías